|
|
|
|
| LEADER |
00838nam a22002892a 4500 |
| 001 |
000963429 |
| 003 |
CZ BrMZK |
| 005 |
20100125133215.0 |
| 007 |
ta |
| 008 |
090828s1963 xr er|||||||||||slo d |
| 015 |
|
|
|a cnb000524133
|
| 035 |
|
|
|a (OCoLC)85341131
|
| 040 |
|
|
|a ABA001
|b cze
|c PNA001
|d BOA001
|
| 041 |
1 |
|
|a slo
|h cze
|
| 080 |
9 |
|
|a 796.7.096(024)=854
|
| 245 |
0 |
0 |
|a Jednotné propozície motoristických športových podnikov
|
| 250 |
|
|
|a 1. vyd.
|
| 260 |
|
|
|a Praha :
|b Naše vojsko,
|c 1963
|
| 300 |
|
|
|a 92 s. ;
|c 12°
|
| 500 |
|
|
|a Přeloženo z češtiny
|
| 500 |
|
|
|a 3000 výt.
|
| 550 |
|
|
|a Vydavatel: Svazarm Praha
|
| 710 |
2 |
|
|a Svazarm
|7 kn20010711433
|
| 910 |
|
|
|a BOA001
|b 1-0495.563
|
| 990 |
|
|
|a BK
|
| 991 |
|
|
|b 200908
|
| 996 |
6 |
|
|b 2619444185
|c 1-0495.563
|l MZK
|r Sklad / do 1 hodiny
|n 0
|w 000963429
|u 000010
|a 1
|e BOA001
|j MZK50
|s P
|